=LDR 00000nam 2200000 4500 =001 INLIS000000000020474 =990 ##$$a 20611019 =005 20130612115424 =008 ***********************************Ind** =035 ##$$a0010-061300000020474 =041 ##$$a Ind =082 ##$$a 639.2 =090 ##$$a 639.2, Fuj f =100 ##$$a Fujaya, Yushinta =245 ##$$a Fisiologi ikan, dasar pengembangan teknologi perikanan, Ir. Yushinta Fujaya, M. Si =260 ##$$a 2004 $b Jakarta =300 ##$$a xi, 179 hlm, ilus, 21 cm =650 ##$$a Perikanan =850 ##$$a NBPNMAT =990 ##$$a 21400613/BPAP-NTB/20142014